| 000 | 00455nam a2200169 i 4500 | ||
|---|---|---|---|
| 001 | 85066 | ||
| 003 | ES-MaACL | ||
| 005 | 20231227062533.0 | ||
| 007 | t| | ||
| 008 | 041125s1935 sp ||||1| spa d | ||
| 100 | 1 |
_aJiménez, Juan Ramón, _d1881-1958 _966417 |
|
| 245 | 1 | 0 |
_aCanción / _cJuan Ramón Jiménez. |
| 260 |
_aMadrid : _bSigno, _c[1935] |
||
| 300 |
_a433 p. ; _c23 cm. |
||
| 852 |
_aES-MaACL _jR-3145 _x Olim:A-4424 |
||
| 999 |
_c85066 _d85066 |
||